000 00224 a2200097 4500
001 12163
100 _aAltaf Gauhar
245 _aAyub Khan: Fauji Raj Kay Pehlay Das Saal
260 _a
_bSang-e-Meel
_c
090 _c9369
_d9369
942 _aNUST-CAE
_cM
_c36232
999 _c247236
_d247236